| 000 | 00745nam0a22002411 4500 | ||
|---|---|---|---|
| 001 | rc\42408 | ||
| 005 | 20250620155644.0 | ||
| 010 |
_a5-86847-053-2 _95000 |
||
| 035 | _a(NLR Aleph) 005323825 | ||
| 090 |
_a6517380 _c6517380 |
||
| 100 | _a20021216d1994 |||y0rusy50 ca | ||
| 101 | 0 | _arus | |
| 102 | _aRU | ||
| 105 | _aa ||||||||| | ||
| 200 | 1 |
_aОтличные идеи для учителей _fБев Гундерсен _g[Пер. с англ. Щербаковой М.Ф.] |
|
| 210 |
_aПос. Заокский _cИсточник жизни _d1994 |
||
| 215 |
_a93 с. _cил. _d27 |
||
| 700 | 1 |
_aГундерсен _bБ. _gБев |
|
| 801 | 0 |
_aRU _bNLR _gpsbo |
|
| 801 | 1 |
_aRU _bELAR _2rusmarc |
|
| 852 |
_aNLR _j97-7/435 |
||
| 942 | _cBOOK | ||
| 980 | _aNB | ||